00962nam a2200181Ia 4500001000700000008004100007020001800048082002200066100002000088245010400108250001100212260004500223300000900268500026000277503002400537650002200561700019700583Z_2900220601s9999 xx 000 0 und d a968-25-0782-0 a636.214 B38y 1987 aBath, Donald L. aGanado lechero : principios, prácticas, problemas y beneficios / por Donald L. Bath ; [et. ál.] a2a ed. aMéxico, D. F. : Grupo Editorial Oceano a2 v. aPrimera edición en español 1986Traducción y adaptación de la 2a ed. en inglés de la obra: Dairy cattle : principles, practices, problems, profits . Traducción de: Contín Sanz, Agustín; Revisión Técnica: Dr. González Muñoz, Sergio. avol. 1 y 2: 136480. a1. Ganado lechero aI. Dickinson, Frank N., coautor II. Trucker, H. Allen, coautor III. Appleman, Robert D., coautor IV. Contín Sanz, Agustín, traductor V. González Muñoz, Sergio, revisión técnica.Ì